|
|
|
|
| LEADER |
00000nam a22000007a 4500 |
| 005 |
20201230095715.0 |
| 007 |
cr|||| |||| |
| 008 |
201230s2012 br |||||s|||| 00||0 por d |
| 020 |
|
|
|a 978-85-64912-39-7
|
| 035 |
|
|
|a 32537
|
| 040 |
|
|
|a vLex
|
| 090 |
|
|
|c 11025
|d 11025
|
| 100 |
1 |
|
|a Silva, Roberto Luiz
|
| 245 |
1 |
0 |
|a Desenvolvimento & Mercado na Sociedade Globalizada
|h [Recurso electrn̤ico] /
|c Roberto Luiz Silva, Sřgio Mourô Corrå Lima
|
| 256 |
|
|
|a Servicio en ln̕ea
|
| 260 |
|
|
|a Belo Horizonte:
|b Initia Via Editora,
|c 2012
|
| 300 |
|
|
|a 1 recurso electrn̤ico
|
| 506 |
1 |
|
|a Disponible solo en los productos indicados
|d vLex Global
|d vLex Global (Academic Edition, excluding Law Schools)
|d vLex Global (U.S. Academic Edition, Law Schools)
|d vLex Global (U.S. Academic Edition, excluding Law Schools)
|d vLex Global (Academic Edition, Law Schools)
|
| 650 |
0 |
4 |
|a Derecho Pb︢lico y Administrativo
|z Brasil
|
| 700 |
1 |
|
|a Corrå Lima, Sřgio Mourô
|
| 740 |
0 |
|
|a vLex Libros (Servicio en ln̕ea)
|
| 856 |
4 |
0 |
|u http://vlex.com/source/desenvolvimento-mercado-na-sociedade-globalizada-32537
|z Acceso restringido
|
| 942 |
|
|
|c BOOK
|
| 999 |
0 |
|
|a Public and Administrative Law
|